000 01078cam a2200253 4500
001 ABS68455
008 041119n2004 000 0 eng u
035 _a(Sirsi) u128062
100 _aEdwards, M.
245 _aIt's all to do with standing
260 _c2004
490 _aEstates Gazette
_v(0446) 13 November 2004, 148(1)
520 _a"Morbaine Ltd v First SoS" ([2004] EWHC 1708 (Admin), [2004] PLSCS 183) confirms the principle that an aggrieved person challenging a planning decision under the Town and Country Planning Act 1990 s299 must have a genuine interest in the property or land involved. Third parties do not have the right to challenge decisions unless they fulfil the aggrieved person criteria such as have a proprietary interest in the affected land.
590 _aABS
590 _aABS
650 _aPLANNING APPLICATIONS
650 _aTHIRD PARTIES
650 _aAGGREVIED PERSONS
650 _aTOWN AND COUNTRY PLANNING ACT 1990 S299
650 _aMORBAINE LTD V FIRST SOS
690 _aPLANNING
700 _aMartin, J.
942 _n0
999 _c118343
_d118343